00634 2200229 4500001002100000005001500021035002000036007000300056008004100059020002200100082001000122084001600132100002700148245005500175260005400230300003600284650001100320650002500331700000800356990002000364990002000384INLIS00000000000297720260511072311 a0010-0526000068ta260511 f 0 ind  a978-602-386-857-5 a362.1 a362.1 PRA i0 aPrabandari, Yayi Suryo1 aIlmu Perilaku Sosial :bUntuk Kesehatan Masyarakat aYogyakarta :bGadjah Mada University Press,c2025 axvi + 138 hlm. ;c15.5 x 23 cm. 4aSosial 4aKesehatan Masyarakat0 adkk a20260504.05.005 a20260513.05.002